Transformantion to waste fried oil; ការកែច្នៃសំណល់ប្រេងឆាជាម៉ាស៊ូតជីវៈ (Record no. 4296)
[ view plain ]
| 000 -LEADER | |
|---|---|
| fixed length control field | 00550nam a22001577a 4500 |
| 003 - CONTROL NUMBER IDENTIFIER | |
| control field | OSt |
| 005 - DATE AND TIME OF LATEST TRANSACTION | |
| control field | 20151209155038.0 |
| 008 - FIXED-LENGTH DATA ELEMENTS--GENERAL INFORMATION | |
| fixed length control field | 151209b xxu||||| |||| 00| 0 eng d |
| 040 ## - CATALOGING SOURCE | |
| Transcribing agency | RUA |
| 082 ## - DEWEY DECIMAL CLASSIFICATION NUMBER | |
| Classification number | ATM CHO 2012 B199 Or.199 |
| 100 ## - MAIN ENTRY--PERSONAL NAME | |
| 9 (RLIN) | 4611 |
| Personal name | CHOEM SOVANNARA; ជឹម សុវណ្ណារា. |
| 245 ## - TITLE STATEMENT | |
| Title | Transformantion to waste fried oil; ការកែច្នៃសំណល់ប្រេងឆាជាម៉ាស៊ូតជីវៈ |
| 260 ## - PUBLICATION, DISTRIBUTION, ETC. (IMPRINT) | |
| Place of publication, distribution, etc. | Phnom Penh |
| Name of publisher, distributor, etc. | RUA |
| Date of publication, distribution, etc. | 2012 |
| 300 ## - PHYSICAL DESCRIPTION | |
| Extent | ix; 32p. |
| Other physical details | ill. |
| Dimensions | 29cm. |
| 942 ## - ADDED ENTRY ELEMENTS (KOHA) | |
| Source of classification or shelving scheme | |
| Koha item type | ATM |
| Price effective from | Date last seen | Permanent Location | Not for loan | Date acquired | Source of classification or shelving scheme | Koha item type | Lost status | Withdrawn status | Total Renewals | Date last checked out | Total Checkouts | Shelving location | Damaged status | Barcode | Current Location | Full call number |
|---|---|---|---|---|---|---|---|---|---|---|---|---|---|---|---|---|
| 2015-12-09 | 2016-08-10 | Library Block B | 2015-12-09 | ATM | 2016-08-10 | 4 | B199 | RUA047707 | Library Block B | ATM CHO 2012 B199 Or.1 | ||||||
| 2015-12-09 | 2016-06-09 | Library Block B | 2015-12-09 | ATM | 2016-06-06 | 1 | B199 | RUA047828 | Library Block B | ATM CHO 2012 B199 Or.2 | ||||||
| 2015-12-09 | 2016-08-01 | Library Block B | 2015-12-09 | ATM | 2016-07-04 | 2 | B199 | RUA047825 | Library Block B | ATM CHO 2012 B199 Or.3 | ||||||
| 2016-02-04 | 2016-02-04 | Library Block B | 2016-02-04 | ATM | B199 | RUA050823 | Library Block B | ATM CHO 2012 B199 Or.4 | ||||||||
| 2016-02-04 | 2016-12-09 | Library Block B | 2016-02-04 | ATM | 2 | 2016-10-17 | 1 | B199 | RUA051940 | Library Block B | ATM CHO 2012 B199 Or.5 | |||||
| 2016-02-04 | 2016-07-13 | Library Block B | 2016-02-04 | ATM | 2016-07-12 | 1 | B199 | RUA051096 | Library Block B | ATM CHO 2012 B199 Or.6 | ||||||
| 2016-02-04 | 2025-10-02 | Library Block B | 2016-02-04 | ATM | 2025-09-15 | 4 | B199 | RUA047433 | Library Block B | ATM CHO 2012 B199 Or.7 | ||||||
| 2019-01-22 | 2019-01-22 | Library Block B | 2019-01-22 | ATM | B1.214 | A36615 | Library Block B | ATM CHO 2012 B1.214 Or.1 |